<?xml version='1.0' encoding='UTF-8'?>
  <record xmlns="http://www.loc.gov/MARC21/slim">
    <leader>00000cam a22000007i 4500</leader>
    <controlfield tag="001">ocm64291639</controlfield>
    <controlfield tag="003">OCoLC</controlfield>
    <controlfield tag="005">20251126225216.4</controlfield>
    <controlfield tag="008">860924m18961904ne            000 0 dut d</controlfield>
    <datafield tag="040" ind1=" " ind2=" ">
      <subfield code="a">NLGGC</subfield>
      <subfield code="b">dut</subfield>
      <subfield code="e">fobidrtb</subfield>
      <subfield code="c">NLGGC</subfield>
      <subfield code="d">OCLCO</subfield>
      <subfield code="d">OCLCL</subfield>
      <subfield code="d">OCLCQ</subfield>
    </datafield>
    <datafield tag="029" ind1="0" ind2=" ">
      <subfield code="a">NLGGC</subfield>
      <subfield code="b">863948545</subfield>
    </datafield>
    <datafield tag="035" ind1=" " ind2=" ">
      <subfield code="a">(OCoLC)64291639</subfield>
    </datafield>
    <datafield tag="100" ind1="1" ind2=" ">
      <subfield code="a">Hollestelle, Adriaan,</subfield>
      <subfield code="c">historicus, lid van Provinciale Staten van Zeeland,</subfield>
      <subfield code="d">1832-1922.</subfield>
      <subfield code="1">https://id.oclc.org/worldcat/entity/E39PCjD7tC3JfMPvR9XFMTg4tq</subfield>
    </datafield>
    <datafield tag="245" ind1="1" ind2="3">
      <subfield code="a">De drie merkwaardige schellingen :</subfield>
      <subfield code="b">het Schild, het Lam en de Gulden van gewicht, of de munten van 3, 2½ en 2 tremissen met de daarmede in verband staande pondenstelsels : uitvoerige beschrijving van het Middeleeuwsche pond- of geldwezen met tal van berekeningen, zoo voor het bepalen van het gewicht, als voor de waarde van oude munten /</subfield>
      <subfield code="c">door A. Hollestelle.</subfield>
    </datafield>
    <datafield tag="260" ind1=" " ind2=" ">
      <subfield code="a">Tholen :</subfield>
      <subfield code="b">[s.n.],</subfield>
      <subfield code="c">1896-1904</subfield>
      <subfield code="e">(Tholen :</subfield>
      <subfield code="f">J.M.C. Pot)</subfield>
    </datafield>
    <datafield tag="300" ind1=" " ind2=" ">
      <subfield code="a">4 dl. ;</subfield>
      <subfield code="c">25 cm.</subfield>
    </datafield>
    <datafield tag="336" ind1=" " ind2=" ">
      <subfield code="a">tekst</subfield>
      <subfield code="b">txt</subfield>
      <subfield code="2">rdacontent/dut</subfield>
    </datafield>
    <datafield tag="337" ind1=" " ind2=" ">
      <subfield code="a">zonder medium</subfield>
      <subfield code="b">n</subfield>
      <subfield code="2">rdamedia/dut</subfield>
    </datafield>
    <datafield tag="338" ind1=" " ind2=" ">
      <subfield code="a">band</subfield>
      <subfield code="b">nc</subfield>
      <subfield code="2">rdacarrier/dut</subfield>
    </datafield>
    <datafield tag="505" ind1="8" ind2=" ">
      <subfield code="a">Eerste gedeelte. -- 1896. Tweede gedeelte. -- 1899. Derde gedeelte. -- 1902. Vierde gedeelte. -- 1904.</subfield>
    </datafield>
    <datafield tag="530" ind1=" " ind2=" ">
      <subfield code="a">Boek wordt verfilmd Metamorfoze UBU.</subfield>
    </datafield>
    <datafield tag="530" ind1=" " ind2=" ">
      <subfield code="a">Titel is geselecteerd voor digitalisering voor de Universiteit van Leiden in het kader van het Google Books-project.</subfield>
    </datafield>
    <datafield tag="776" ind1="0" ind2=" ">
      <subfield code="t">De drie merkwaardige schellingen</subfield>
      <subfield code="w">(NL-LeOCL)432767045</subfield>
    </datafield>
    <datafield tag="776" ind1="0" ind2=" ">
      <subfield code="t">De drie merkwaardige schellingen</subfield>
      <subfield code="w">(NL-LeOCL)432904743</subfield>
    </datafield>
    <datafield tag="776" ind1="0" ind2=" ">
      <subfield code="t">De drie merkwaardige schellingen</subfield>
      <subfield code="w">(NL-LeOCL)432904751</subfield>
    </datafield>
    <datafield tag="856" ind1="4" ind2="2">
      <subfield code="y">Omslag dl. 2</subfield>
      <subfield code="u">https://opac.zebi.nl/vubis/kinderprenten/863948545_2.jpg</subfield>
    </datafield>
    <datafield tag="936" ind1=" " ind2=" ">
      <subfield code="a">BATCHLOAD</subfield>
    </datafield>
  </record>